Responses for Show #311 - Monday, November 18, 1985

1985 Tournament of Champions semifinal game 1.

Contestants

[<< previous game]

Ric Moser, a printing broker from The Woodlands, Texas

Steve Rogitz, a letter carrier from Gardena, California

Larry Floyd, an accounting clerk originally from Bridgton, Maine

[next game >>]

Jeopardy! Round responses

U.S. HISTORY
OSCAR SONGS
GHOSTS
HOMOPHONES
SMOKING
BLOOD
    $100 8
Chicago

Steve
    $100 2
"Talk To The Animals"

Steve
    $100 17
Disneyland

Larry
    $100 21
heel/heal

Steve
    $100 7
Sir Walter Raleigh

Ric
    $100 1
scab

Steve
    $200 10
Ronald Reagan

Steve
    $200 3
"White Christmas"

Steve
    $200 18
Ghostbusters

Steve
    $200 22
miners/minors

Steve
    $200 9
Will Rogers

Ric
    $200 13
(Steve: What is dental work?)

blood type

LarrySteve
    $300 12
Cuba

Larry
    $500 4
"Que Sera, Sera" or ("Secret Love")

Steve
    $300 26
ghost towns

Steve
    $300 23
buss/bus

Larry
    $300 11
(Steve: Who is Sir Walter Scott?)

Robert Burns

SteveRic
    $300 14
pulse

Ric
    $400 15
Davy Crockett

Ric
    $400 5
(Larry: Or would you rather go to school?)

"Swinging On A Star"

Larry
Triple Stumper
    $400 27
great Caesar's ghost

Steve
    $400 24
cruise/crews

Steve
    $400 19
Old Gold

Steve
    $500 16
Franklin Delano Roosevelt

Triple Stumper
    $500 6
The Continental

Steve
    $500 28
(Ric: Who is Macbeth's father?)

Banquo

Ric
Triple Stumper
    $500 25
mood/mooed

Steve
    $500 20
Samuel Gompers

Steve
    $500 29
[The end-of-round signal sounds.]

blood poisoning

Triple Stumper

Scores at the first commercial break (after clue 13):

Larry Steve Ric
$100 $1,200 $600

Scores at the end of the Jeopardy! Round:

Larry Steve Ric
$500 $4,200 $800

Double Jeopardy! Round responses

ENGLISH LITERATURE
RELIGION
BRIDGES
RADIO HEROES
WEATHER
"GUT"s
    $200 1
your heart

Larry
    $200 17
God

Steve
    $200 11
Triborough Bridge

Larry
    $200 6
(Ric: Who is Frank Merriwether?)

Frank Buck

SteveRic
    $200 19
weather map

Steve
    $200 3
guttersnipe

Steve
    $400 2
Dylan Thomas

Steve
    $1,000 28
[Bobbie Gentry singing]
[The end-of-round signal sounds.]

Tallahatchie Bridge

Ric
    $400 7
Jack Armstrong

Ric
    $400 20
weather satellites

Ric
    $400 4
guttural

Steve
    $600 12
Lord of the Flies

Ric
    $600 27
bridge of San Luis Rey

Ric
    $600 8
Captain Midnight

Triple Stumper
    $600 24
Chinook

Ric
    $600 5
[ERRATUM: It should be "speed" and not "steam".]

Farragut

Ric
    $800 13
Shandy

Triple Stumper
    $800 23
Seventh-Day Adventists

Steve
    $800 15
Bridge of Sighs

Triple Stumper
    $1,000 9
(Ric: Who is the Green Hornet?)

Kato

Ric
    $800 25
climate

Larry
    $800 18
(Ric: Who is Sam Spade?)

Casper Gutman

Ric
Triple Stumper
    $1000 14
(Ric: What is the Federalist?)

The Tatler and the Spectator

Ric
Triple Stumper
    $1000 22
(Ric: What is Druze?)

Sunnis

LarryRic
    $1000 16
viaduct

Larry
    $1000 10
Gale Gordon

Steve
    $1000 26
dew point

Ric
    $1000 21
guttation

Triple Stumper

Scores at the end of the Double Jeopardy! Round:

Larry Steve Ric
$3,700 $7,600 $2,000
(lock game)

[wagering suggestions for these scores]

Final Jeopardy! Round responses

THE 50 STATES
RicWhat is 4?
$2,000
LarryWhat is four?
$3,700
SteveWhat is 7?
$0
6

Final scores:

Larry Steve Ric
$0 $7,600 $0
2nd place: $5,000 Finalist 3rd place: $5,000

Game dynamics:

Coryat scores:

Larry Steve Ric
$3,700 $7,400 $2,400
9 R,
1 W
24 R
(including 1 DD),
2 W
13 R
(including 1 DD),
6 W
(including 1 DD)

Combined Coryat: $13,500

[game clues] [game scores] [suggest correction]

Game tape date: 1985-10-29
The J! Archive is created by fans, for fans. Scraping, republication, monetization, and malicious use prohibited; this site may use cookies and collect identifying information. See terms. The Jeopardy! game show and all elements thereof, including but not limited to copyright and trademark thereto, are the property of Jeopardy Productions, Inc. and are protected under law. This website is not affiliated with, sponsored by, or operated by Jeopardy Productions, Inc. Join the discussion at JBoard.tv.